00948nam a2200241Ia 4500003000400000005001700004008004100021020001800062040001800080041000800098082001900106100003100125245011900156250000600275260006100281300003000342650004900372650005800421650004500479942002600524999001900550952013700569OSt20260113085600.0210716s2005 xx 000 0 und d a9780070599890 cAIMIT LIBRARY aeng a621.399 bRATP aAvgerakis, George.9250980 aDigital animation bible :bcreating professional animation with 3ds max lightwave and maya /cBy George Avgerakis. a1 aNew DelhibTata McGraw Hill Publishing Company Ltdc2005 axviii,342 p.;bPBc25 cm. aInvesting in the necessary equipment9250981 aMechanics of three leading animation programs9250982 aRigging and animating Characters9250983 2ddccBKk621.399 RATP c189254d189254 001040708MCAaAIMITbAIMITeHigginbothams Pvt Ltdg595.00l0o621.399 RATPpMCA08762r2025-07-21 00:00:00v446.25w2021-07-16yBK